| 000 | 00811nam a2200265 i 4500 | ||
|---|---|---|---|
| 001 | 17260 | ||
| 003 | ES-MaACL | ||
| 005 | 20250808085803.0 | ||
| 007 | t| | ||
| 008 | 010124s1999 sp ||||0| spa j | ||
| 020 | _a84-481-2449-9 | ||
| 040 |
_aM-BN _bspa _cM-BN |
||
| 080 | _a341.176(4-672 UE) | ||
| 080 | _a34(4-672 UE) | ||
| 100 | 1 |
_aMangas Martín, Araceli. _976006 |
|
| 245 | 1 | 0 |
_aInstituciones y derecho de la Unión Europea / _cAraceli Mangas Martín, Diego J. Liñán Nogueras. |
| 250 | _a2ª ed. | ||
| 260 |
_aMadrid : _bMcGraw-Hill, _c1999. |
||
| 300 |
_aXXXV, 409 p. ; _c20 X 25 cm. |
||
| 610 | 2 | 0 |
_a _9236696 |
| 650 | 7 |
_aDerecho comunitario _2embne _911677 |
|
| 700 | 1 |
_aLiñán Nogueras, Diego J. _972477 |
|
| 852 |
_aES-MaACL _jL-24115 _bR.129404 |
||
| 999 |
_c17260 _d17260 |
||